| 000 | 00654nam a22002055i 4500 | ||
|---|---|---|---|
| 001 | 102890 | ||
| 003 | ES-MaACL | ||
| 005 | 20250718080425.0 | ||
| 007 | t| | ||
| 008 | 950929s1899 sp ||||1| spa d | ||
| 040 |
_aCAM _bspa _cCAM |
||
| 100 | 1 |
_aEstasén y Cortada, Pedro. _948023 |
|
| 245 | 1 | 0 |
_aTratado de las suspensiones de pagos y de las quiebras _b: estudio teórico-práctico... / _cpor Pedro Estasén. |
| 260 |
_aMadrid : _bHijos de Reus, _c1899. |
||
| 300 |
_a448 p. ; _c23 cm. |
||
| 650 | 4 |
_aSuspensión de pagos- _zEspaña. _9145980 |
|
| 650 | 7 |
_aQuiebra- _zEspaña _2 _9145981 |
|
| 852 |
_aES-MaACL _jF-14578 |
||
| 999 |
_c102890 _d102890 |
||